Loading...
| Fine Arts - Classical Music | 0 | 6 | 0 | 2 | 60 | 78 | 110.83 | 1 | 4 | 0.00 | 0.00 |
| Science - Chemistry | 0 | 5 | 1 | 0 | 45 | 26 | 64.20 | 1 | 4 | 0.00 | 0.00 |
| Science - Biology | 0 | 4 | 0 | 0 | 40 | 54 | 73.25 | 0 | 3 | 0.00 | 0.00 |
| Fine Arts - Other | 0 | 3 | 0 | 0 | 30 | 93 | 105.33 | 0 | 3 | 0.00 | 0.00 |
| Science - Other | 0 | 3 | 1 | 0 | 25 | 84 | 89.00 | 1 | 2 | 0.00 | 0.00 |
| Philosophy | 0 | 2 | 0 | 0 | 20 | 106 | 107.00 | 0 | 0 | 0.00 | 0.00 |
| History - World | 0 | 2 | 0 | 0 | 20 | 65 | 69.50 | 0 | 1 | 0.00 | 0.00 |
| Mythology | 0 | 2 | 2 | 0 | 10 | 127 | 139.00 | 0 | 0 | 0.00 | 0.00 |
| Fine Arts - Painting and Sculpture | 0 | 1 | 0 | 0 | 10 | 119 | 119.00 | 0 | 0 | 0.00 | 0.00 |
| Literature - World | 0 | 1 | 0 | 0 | 10 | 106 | 106.00 | 0 | 1 | 0.00 | 0.00 |
| Religion | 0 | 1 | 0 | 1 | 10 | 141 | 141.00 | 0 | 1 | 0.00 | 0.00 |
| History - Other | 0 | 0 | 1 | 0 | -5 | 0.00 | 0 | 0 | 0.00 | 0.00 | |
| History - American | 0 | 0 | 1 | 0 | -5 | 0.00 | 0 | 0 | 0.00 | 0.00 | |
| Science - Physics | 0 | 0 | 1 | 0 | -5 | 0.00 | 0 | 0 | 0.00 | 0.00 |